Confucius : great teacher of China / Demi.
"An illustrated biography of Confucius (551 BCE-479 BCE), the ancient Chinese teacher, politician, thinker, and philosopher known for his popular aphorisms, his emphasis on education and study, and his models of social interaction. Includes a map and author's sources"--Provided by publisher.
Record details
- ISBN: 9781620141939
- ISBN: 1620141930
- Physical Description: 1 volume (unpaged) : color illustrations ; 26 cm.
- Edition: First edition.
- Publisher: New York : Shen's Books, an imprint of Lee & Low Books, 2016, ©2018.
Content descriptions
| General Note: | In-house editor, Cheryl Klein. |
| Bibliography, etc. Note: | Includes bibliographical references. |
| Target Audience Note: | Age 8+ |
Search for related items by subject
| Subject: | Confucius > Juvenile literature. Philosophers > China > Biography > Juvenile literature. Teachers > China > Biography > Juvenile literature. Politicians > China > Biography > Juvenile literature. China > History > To 221 B.C. > Juvenile literature. |
Available copies
- 1 of 1 copy available at scottsboropl.
Holds
- 0 current holds with 1 total copy.
Show Only Available Copies
| Location | Call Number / Copy Notes | Barcode | Shelving Location | Status | Due Date |
|---|---|---|---|---|---|
| scottsboropl | J 181.112 Dem | 32269001046633 | Juvenile - NonFiction | Available | - |
| LDR | 01765nam a22004098i 4500 | ||
|---|---|---|---|
| 001 | 145848 | ||
| 003 | CONS | ||
| 005 | 20180227081405.0 | ||
| 008 | 150519s2016 nyua j b 000 0beng | ||
| 010 | . | ‡a 2015016672 | |
| 020 | . | ‡a9781620141939 ‡q(hardcover) | |
| 020 | . | ‡a1620141930 ‡q(hardcover) | |
| 035 | . | ‡a(CPomAG)LMN604367 | |
| 042 | . | ‡apcc | |
| 043 | . | ‡aa-cc--- | |
| 050 | 0 | 0. | ‡aB128.C8 ‡bD46 2016 |
| 082 | 0 | 0. | ‡a181/.112 ‡aB ‡223 |
| 100 | 0 | . | ‡aDemi, ‡eauthor. |
| 245 | 1 | 0. | ‡aConfucius : ‡bgreat teacher of China / ‡cDemi. |
| 250 | . | ‡aFirst edition. | |
| 264 | 1. | ‡aNew York : ‡bShen's Books, an imprint of Lee & Low Books, ‡c2016, ©2018. | |
| 300 | . | ‡a1 volume (unpaged) : ‡bcolor illustrations ; ‡c26 cm. | |
| 336 | . | ‡atext ‡btxt ‡2rdacontent | |
| 337 | . | ‡aunmediated ‡bn ‡2rdamedia | |
| 338 | . | ‡avolume ‡bnc ‡2rdacarrier | |
| 500 | . | ‡aIn-house editor, Cheryl Klein. | |
| 504 | . | ‡aIncludes bibliographical references. | |
| 520 | 2 | . | ‡a"An illustrated biography of Confucius (551 BCE-479 BCE), the ancient Chinese teacher, politician, thinker, and philosopher known for his popular aphorisms, his emphasis on education and study, and his models of social interaction. Includes a map and author's sources"--Provided by publisher. |
| 521 | 1 | . | ‡aAge 8+ |
| 600 | 0 | 0. | ‡aConfucius ‡vJuvenile literature. |
| 650 | 0. | ‡aPhilosophers ‡zChina ‡vBiography ‡vJuvenile literature. | |
| 650 | 0. | ‡aTeachers ‡zChina ‡vBiography ‡vJuvenile literature. | |
| 650 | 0. | ‡aPoliticians ‡zChina ‡vBiography ‡vJuvenile literature. | |
| 651 | 0. | ‡aChina ‡xHistory ‡yTo 221 B.C. ‡vJuvenile literature. | |
| 914 | . | ‡aSCP_kt | |
| 959 | . | ‡i32269001046633 ‡lJ 181.112 Dem ‡aJuvenile - NonFiction ‡tJuv Nonfiction ‡g21.00 | |
| 852 | . | ‡p32269001046633 ‡jJ 181.112 Dem ‡gJuvenile - NonFiction ‡cJuv Nonfiction ‡y21.00 ‡bSBPL | |
| 901 | . | ‡a145848 ‡bUnknown ‡c145848 ‡tbiblio | |